Development of Vertical Honing Machine with Cooling System / (Record no. 1861)
[ view plain ]
| 000 -LEADER | |
|---|---|
| fixed length control field | 02574nam a22003257a 4500 |
| 003 - CONTROL NUMBER IDENTIFIER | |
| control field | OSt |
| 005 - DATE AND TIME OF LATEST TRANSACTION | |
| control field | 20220811205825.0 |
| 008 - FIXED-LENGTH DATA ELEMENTS--GENERAL INFORMATION | |
| fixed length control field | 220811b ||||| |||| 00| 0 eng d |
| 040 ## - CATALOGING SOURCE | |
| Original cataloging agency | CvSU-CCAT Campus Library. |
| Language of cataloging | English. |
| Transcribing agency | CvSU-CCAT Campus Library. |
| Description conventions | rda. |
| 050 ## - LIBRARY OF CONGRESS CALL NUMBER | |
| Classification number | UM TJ 1280 |
| Item number | A46 2018 |
| 100 ## - MAIN ENTRY--PERSONAL NAME | |
| Personal name | Alminar, Princess O. |
| 9 (RLIN) | 6224 |
| 245 ## - TITLE STATEMENT | |
| Title | Development of Vertical Honing Machine with Cooling System / |
| Statement of responsibility, etc. | Princess O. Alminar, Nielyn A. Arellano, and Juluis T. Dela Cruz. |
| 260 ## - PUBLICATION, DISTRIBUTION, ETC. | |
| Place of publication, distribution, etc. | Rosario, Cavite : |
| Name of publisher, distributor, etc. | Cavite State University--CCAT Campus, |
| Date of publication, distribution, etc. | 2018. |
| 300 ## - PHYSICAL DESCRIPTION | |
| Extent | xiii, 57 leaves : |
| Other physical details | Illustration : |
| Dimensions | 28 cm |
| 500 ## - GENERAL NOTE | |
| General note | Design Project (BSIT) Major in Stationary Marine Technology--Cavite State University-CCAT Campus, 2018 |
| 504 ## - BIBLIOGRAPHY, ETC. NOTE | |
| Bibliography, etc. note | Includes bibliographical references and appendices. |
| 520 ## - SUMMARY, ETC. | |
| Summary, etc. | ALMINAR, PRINCESS O.,ARELLANO,NIELYN A. and DELA CRUZ,JULIUS T. Development of Vertical Honing Machine with Cooling System. Undergraduate Thesis. Department of Industrial Technology. Cavite State University-Cavite College of Arts and Trades Campus, Rosario, Cavite. July 2018.Adviser:Mr.Josefino Ambayec. Technical critic: Mr. Danilo G. Santiago.<br/><br/>The study was conducted from March 2017 to May 2018 at Cavite State University CCAT-Campus in SMT Building to develop and evaluate a vertical honing machine with cooling system. Specifically the study aims to: (1) design a vertical; (2) construct a vertical honing machine with cooling system; (3) evaluate and to test the vertical honing machine with cooling system. In terms of: (3.1) comparing speed of honing the bore of motor cycle cylinder using with or without cooling system based on the standard clearance of the manufacturer; and(3.2) determining the accuracy of honing by means of measuring the bore of motor cycle cylinder based on the manufacturer standard clearance. <br/><br/>Mechanics, professors, students and other allied courses were the beneficiaries of the developed prototype. <br/><br/>The collected data were tabulated, getting the mean of different trials used in the development of the project.<br/> |
| 546 ## - LANGUAGE NOTE | |
| Language note | In English text. |
| 650 ## - SUBJECT ADDED ENTRY--TOPICAL TERM | |
| Topical term or geographic name entry element | Honing Machine |
| 9 (RLIN) | 6225 |
| 650 ## - SUBJECT ADDED ENTRY--TOPICAL TERM | |
| Topical term or geographic name entry element | Cooling Machine |
| 9 (RLIN) | 6226 |
| 650 ## - SUBJECT ADDED ENTRY--TOPICAL TERM | |
| Topical term or geographic name entry element | Vertical |
| 9 (RLIN) | 6227 |
| 650 ## - SUBJECT ADDED ENTRY--TOPICAL TERM | |
| Topical term or geographic name entry element | Accuracy |
| 9 (RLIN) | 6228 |
| 650 ## - SUBJECT ADDED ENTRY--TOPICAL TERM | |
| Topical term or geographic name entry element | Speed |
| 9 (RLIN) | 5920 |
| 700 ## - ADDED ENTRY--PERSONAL NAME | |
| Personal name | Arellano, Nielyn A., Author. |
| 9 (RLIN) | 6229 |
| 700 ## - ADDED ENTRY--PERSONAL NAME | |
| Personal name | Dela Cruz, Julius T., Author. |
| 9 (RLIN) | 6230 |
| 700 ## - ADDED ENTRY--PERSONAL NAME | |
| Personal name | Ambayec Josefino E., Adviser. |
| 9 (RLIN) | 5867 |
| 700 ## - ADDED ENTRY--PERSONAL NAME | |
| Personal name | Santiago, Danilo G., Technical critic. |
| 9 (RLIN) | 6045 |
| 942 ## - ADDED ENTRY ELEMENTS (KOHA) | |
| Koha item type | Thesis/Manuscripts/Dissertations |
| Classification part | TJ 1280 A46 2018 |
| Call number prefix | UM |
| Source of classification or shelving scheme | Library of Congress Classification |
| Withdrawn status | Lost status | Source of classification or shelving scheme | Damaged status | Not for loan | Collection code | Home library | Current library | Shelving location | Date acquired | Coded location qualifier | Total Checkouts | Full call number | Barcode | Date last seen | Copy number | Price effective from | Koha item type |
|---|---|---|---|---|---|---|---|---|---|---|---|---|---|---|---|---|---|
| Library of Congress Classification | Thesis/Manuscript/Dissertation | Cavite State University - CCAT Campus | Cavite State University - CCAT Campus | TH | 08/11/2022 | UM | UM TJ 1280 A46 2018 | T0005141 | 10/24/2025 | 1 copy | 08/11/2022 | Thesis/Manuscripts/Dissertations |
